| 000 | 00597nam a22002057a 4500 | ||
|---|---|---|---|
| 005 | 20230131151045.0 | ||
| 008 | 230131b ||||| |||| 00| 0 eng d | ||
| 040 | _cAL | ||
| 041 | _aEnglish | ||
| 082 |
_223 _a658.5 _bJHAP |
||
| 100 |
_aL C Jhamb _970317 |
||
| 245 | _aProduction and Operations Management Module II | ||
| 260 |
_aPune _bSymbiosis Centre for Distance Learning _c2008 |
||
| 300 |
_a312 p. _bPB _c24x18 cm. |
||
| 650 |
_aWork system _970318 |
||
| 650 |
_a Chain Management _970319 |
||
| 650 |
_a Production Management _970320 |
||
| 700 |
_aJHAMB (L C) _970321 |
||
| 942 |
_2ddc _cDB |
||
| 999 |
_c226500 _d226500 |
||